| 000 | 00945naa a22003017a 4500 | ||
|---|---|---|---|
| 001 | BR6010622 | ||
| 003 | BR-BrBNA | ||
| 005 | 20240918173216.0 | ||
| 007 | ta | ||
| 008 | 230509b bl.||||| |||| 00| 0 por d | ||
| 040 |
_aBR-BrBNA _bpor _cBiblioteca Nacional de Agricultura |
||
| 041 | _a(Pt) | ||
| 072 |
_aF00; L30 _b1910 |
||
| 090 | _aF00 BR6010622 | ||
| 100 | 1 | _aMordieck, K.H. | |
| 100 | 1 | _aBarreto, I.L. | |
| 100 | 1 | _aMoraes, Y.B. de | |
| 245 | 1 | _aFormacao de boas pastagens | |
| 260 | 3 |
_aPorto Alegre, RS (Brasil): _c[nd]. |
|
| 500 | _aPastagens no Rio Grande do Sul Porto Alegre, RS (Brasil): [nd]. p. 3-18 (BR6010622-AM)F00 | ||
| 650 | _aPASTAGEM CULTIVADA | ||
| 650 | _aPASTAGEM NATURAL | ||
| 650 | _aNUTRICAO ANIMAL | ||
| 650 | _aRIO GRANDE DO SUL | ||
| 773 | 0 |
_tPastagens no Rio Grande do Sul _wF00 BR6010622 _gPorto Alegre, RS (Brasil), [nd]. p. 3-18 |
|
| 909 |
_a202404 _bLucia _c55 _dLucia Elande |
||
| 942 |
_cAM _2AGRIS |
||
| 999 |
_c303441 _d303441 |
||